[Event "GBR-ch87"]
[Site "Millfield"]
[Date "2000.08.04"]
[Round "5.28"]
[White "Tan, Desmond"]
[Black "Howell, David W"]
[Result "1-0"]
[WhiteElo "2203"]
[BlackElo "2020"]
[PlyCount "135"]
[EventDate "2000.07.31"]
[EventType "swiss"]
[EventRounds "11"]
[EventCountry "GBR"]
[SourceTitle "BritBase"]
[SourceDate "2008.07.14"]
[SourceVersion "1"]
[SourceVersionDate "2008.07.14"]
[SourceQuality "2"]

1. e4 e5 2. Nf3 Nc6 3. Bb5 a6 4. Ba4 Nf6 5. O-O Be7 6. Re1 b5 7. Bb3 O-O 8. a4
Bb7 9. d3 d6 10. c3 Na5 11. Ba2 c5 12. Na3 Qd7 13. axb5 axb5 14. Bd2 c4 15. Bg5
Rfc8 16. dxc4 Nxc4 17. Bxc4 bxc4 18. Nd2 d5 19. Bxf6 gxf6 20. Qh5 Bc5 21. Rad1
Qe6 22. exd5 Bxd5 23. Ne4 Be7 24. Ng3 Kh8 25. Nc2 Rg8 26. Ne3 Bb7 27. Qf5 Qc6
28. Qd7 Bc5 29. Qxc6 Bxc6 30. Nxc4 h5 31. b4 Ba7 32. Na5 Ba4 33. Ra1 Bd7 34.
Nxh5 Rg6 35. Ng3 Rc8 36. Rac1 Bb6 37. c4 Bxa5 38. bxa5 Bc6 39. f3 Ra8 40. Ra1
Ra6 41. Reb1 Rg8 42. Rb6 Rga8 43. Rxa6 Rxa6 44. Kf2 Bb7 45. Rb1 Ba8 46. Rb5 Kg7
47. Ke3 Kg6 48. Ne4 Rc6 49. Nd2 Ra6 50. g4 Kg5 51. Ne4+ Kh4 52. Ng3 Kh3 53. Kf2
Rd6 54. Rb8 Rd2+ 55. Ne2 Bxf3 56. Kxf3 Rd3+ 57. Kf2 Kxg4 58. Rg8+ Kf5 59. Rg3
Rd6 60. Ra3 Ra6 61. Nc3 Ke6 62. h4 f5 63. Nb5 Kd7 64. h5 Kc8 65. h6 Kb8 66. h7
Rh6 67. a6 Rxh7 68. a7+ 1-0

[Event "GBR-ch87"]
[Site "Millfield"]
[Date "2000.08.04"]
[Round "5.29"]
[White "Buckley, Melanie"]
[Black "Waters, Clive"]
[Result "1-0"]
[WhiteElo "2124"]
[BlackElo "2170"]
[PlyCount "109"]
[EventDate "2000.07.31"]
[EventType "swiss"]
[EventRounds "11"]
[EventCountry "GBR"]
[SourceTitle "BritBase"]
[SourceDate "2008.07.14"]
[SourceVersion "1"]
[SourceVersionDate "2008.07.14"]
[SourceQuality "2"]

1. e4 e6 2. d3 d5 3. Qe2 Be7 4. Nf3 Nf6 5. g3 O-O 6. Bg2 b5 7. O-O c5 8. e5
Nfd7 9. h4 Nc6 10. Bf4 a5 11. Nbd2 b4 12. Nh2 Nd4 13. Qd1 a4 14. c3 bxc3 15.
bxc3 Nc6 16. Ndf3 a3 17. h5 Qa5 18. Qd2 Rb8 19. Rab1 Ba6 20. Ng4 Rb2 21. Rxb2
axb2 22. Qxb2 Bxd3 23. Rd1 Bc4 24. a3 Rb8 25. Qd2 Qxa3 26. Nf6+ Bxf6 27. exf6
Rb2 28. Qc1 Nxf6 29. h6 Ne4 30. Ne5 Nxc3 31. Nxc4 Ne2+ 32. Kh2 Nxc1 33. Nxa3
Ne2 34. Be3 Ncd4 35. Nb1 c4 36. Bf1 c3 37. Nxc3 Nf3+ 38. Kg2 Nxc3 39. Ra1 Ne1+
40. Rxe1 gxh6 41. Bd4 Rc2 42. Ra1 f6 43. Ra8+ Kf7 44. Rc8 Nb5 45. Rxc2 Nxd4 46.
Rc7+ Kg6 47. Bd3+ f5 48. f4 h5 49. Kf2 h4 50. gxh4 Nb3 51. Bb5 Nd2 52. Be8+ Kh6
53. Re7 Ne4+ 54. Ke3 d4+ 55. Kxd4 1-0

[Event "GBR-ch87"]
[Site "Millfield"]
[Date "2000.08.04"]
[Round "5.30"]
[White "Morgan, Ben"]
[Black "Snape, Ian"]
[Result "1-0"]
[WhiteElo "2035"]
[BlackElo "2170"]
[PlyCount "127"]
[EventDate "2000.07.31"]
[EventType "swiss"]
[EventRounds "11"]
[EventCountry "GBR"]
[SourceTitle "BritBase"]
[SourceDate "2008.07.14"]
[SourceVersion "1"]
[SourceVersionDate "2008.07.14"]
[SourceQuality "2"]

1. e4 c5 2. c3 Nf6 3. e5 Nd5 4. d4 cxd4 5. Nf3 e6 6. cxd4 b6 7. Nc3 Nxc3 8.
bxc3 Qc7 9. Bd2 d6 10. Bb5+ Bd7 11. Bd3 Nc6 12. exd6 Bxd6 13. Ng5 g6 14. Qf3 f5
15. Qe2 Nd8 16. Bc4 O-O 17. Nf3 Kg7 18. O-O Bc6 19. Bb3 Nf7 20. c4 Bxf3 21.
Qxf3 e5 22. c5 bxc5 23. dxc5 Qxc5 24. Rac1 Qa3 25. Bc3 Rae8 26. Kh1 Re7 27. Ba1
Ng5 28. Qd5 Ne4 29. Rc6 Bb8 30. f3 Nf6 31. Qc4 Qa5 32. Bc3 Qd8 33. Bb4 Rfe8 34.
Bxe7 Qxe7 35. Rd1 e4 36. Re6 Qxe6 37. Qxe6 Rxe6 38. Bxe6 exf3 39. gxf3 Bf4 40.
Rd3 Bc7 41. Rb3 Bb6 42. Kg2 Nh5 43. Rb4 Kf6 44. Bb3 Ke5 45. a4 Nf4+ 46. Kf1 h5
47. a5 Be3 48. Rb7 Kf6 49. a6 Bc5 50. Rc7 Bd4 51. h4 Nh3 52. Rc6+ Kg7 53. Rc4
Be3 54. Ke2 f4 55. Rc7+ Kf6 56. Kd3 g5 57. Rc6+ Ke7 58. Ke4 gxh4 59. Ke5 Ng5
60. Rc7+ Kd8 61. Rg7 Nxf3+ 62. Kd6 Bc5+ 63. Kxc5 Nd2 64. Bd5 1-0

[Event "GBR-ch87"]
[Site "Millfield"]
[Date "2000.08.04"]
[Round "5.31"]
[White "Binks, Michael E"]
[Black "Freeman, Richard CP"]
[Result "1/2-1/2"]
[WhiteElo "2155"]
[BlackElo "2025"]
[PlyCount "42"]
[EventDate "2000.07.31"]
[EventType "swiss"]
[EventRounds "11"]
[EventCountry "GBR"]
[SourceTitle "BritBase"]
[SourceDate "2008.07.14"]
[SourceVersion "1"]
[SourceVersionDate "2008.07.14"]
[SourceQuality "2"]

1. e4 c5 2. Nc3 Nc6 3. g3 g6 4. Bg2 Bg7 5. d3 d6 6. Be3 Rb8 7. a4 e5 8. Qd2 Nd4
9. h3 Ne7 10. Nge2 Nec6 11. Nd5 Be6 12. Nec3 O-O 13. Qd1 a6 14. O-O b5 15. axb5
axb5 16. Ne2 Bxd5 17. exd5 Ne7 18. Nxd4 exd4 19. Bg5 Qd7 20. Re1 Rfe8 21. Bxe7
Rxe7 1/2-1/2

[Event "GBR-ch87"]
[Site "Millfield"]
[Date "2000.08.04"]
[Round "5.32"]
[White "Spence, David J"]
[Black "Freeman, Gordon"]
[Result "1-0"]
[WhiteElo "2153"]
[BlackElo "2047"]
[PlyCount "109"]
[EventDate "2000.07.31"]
[EventType "swiss"]
[EventRounds "11"]
[EventCountry "GBR"]
[SourceTitle "BritBase"]
[SourceDate "2008.07.14"]
[SourceVersion "1"]
[SourceVersionDate "2008.07.14"]
[SourceQuality "2"]

1. e4 c5 2. c3 Nf6 3. e5 Nd5 4. d4 cxd4 5. Nf3 e6 6. cxd4 b6 7. Bd3 Bb4+ 8. Bd2
Bxd2+ 9. Qxd2 Ba6 10. Be4 Nc6 11. Bxd5 exd5 12. Nc3 Ne7 13. O-O-O b5 14. Kb1
Rb8 15. h4 Bc8 16. h5 h6 17. g4 d6 18. Qf4 b4 19. Ne2 b3 20. a3 Rb6 21. Nc3
dxe5 22. dxe5 Qc7 23. Rc1 Qc4 24. Nd4 Qd3+ 25. Ka1 Nc6 26. Rhd1 Qh3 27. Nxd5
Qxg4 28. Qxg4 Bxg4 29. f3 Nxd4 30. Rxd4 Bf5 31. Nxb6 axb6 32. Rb4 Bc2 33. Rxb6
Ke7 34. Rc6 Rd8 35. R6xc2 bxc2 36. Rxc2 Rd3 37. f4 Rf3 38. Rc4 g6 39. hxg6 fxg6
40. a4 h5 41. a5 Rd3 42. a6 Rd8 43. b4 h4 44. Rc7+ Ke6 45. Rh7 Rb8 46. a7 Ra8
47. b5 Kd5 48. Rc7 h3 49. b6 h2 50. Rc1 Rc8 51. Rxc8 h1=Q+ 52. Kb2 Qh2+ 53. Rc2
Qh8 54. b7 Qf8 55. b8=Q 1-0

[Event "GBR-ch87"]
[Site "Millfield"]
[Date "2000.08.04"]
[Round "5.33"]
[White "Orton, Stephen"]
[Black "Evans-Quek, Debbie"]
[Result "1/2-1/2"]
[WhiteElo "2045"]
[BlackElo "2046"]
[PlyCount "65"]
[EventDate "2000.07.31"]
[EventType "swiss"]
[EventRounds "11"]
[EventCountry "GBR"]
[SourceTitle "BritBase"]
[SourceDate "2008.07.14"]
[SourceVersion "1"]
[SourceVersionDate "2008.07.14"]
[SourceQuality "2"]

1. e4 c5 2. Nf3 e6 3. d4 cxd4 4. Nxd4 Nf6 5. Nc3 d6 6. f4 Nc6 7. Be3 Be7 8. Qf3
O-O 9. Bd3 a6 10. O-O Bd7 11. Qg3 Nxd4 12. Bxd4 Bc6 13. Rad1 Qc7 14. e5 Nh5 15.
Qh3 g6 16. exd6 Bxd6 17. Ne4 Bxe4 18. Bxe4 f5 19. Bf3 Nxf4 20. Qh6 e5 21. Bc3
Bc5+ 22. Kh1 e4 23. g3 exf3 24. gxf4 f2 25. h4 Rfe8 26. h5 Re6 27. Be5 Qe7 28.
Kg2 Be3 29. hxg6 Rxg6+ 30. Qxg6+ hxg6 31. Rh1 Qe6 32. Rh8+ Kf7 33. Rh7+ 1/2-1/2

[Event "GBR-ch87"]
[Site "Millfield"]
[Date "2000.08.04"]
[Round "5.34"]
[White "McDonnell, James"]
[Black "Hebbes, Tim"]
[Result "1-0"]
[WhiteElo "2050"]
[BlackElo "2121"]
[PlyCount "161"]
[EventDate "2000.07.31"]
[EventType "swiss"]
[EventRounds "11"]
[EventCountry "GBR"]
[SourceTitle "BritBase"]
[SourceDate "2008.07.14"]
[SourceVersion "1"]
[SourceVersionDate "2008.07.14"]
[SourceQuality "2"]

1. e4 e6 2. d4 d5 3. Nd2 Nf6 4. e5 Nfd7 5. Bd3 c5 6. c3 Nc6 7. Ne2 Qb6 8. Nf3
cxd4 9. cxd4 f6 10. exf6 Nxf6 11. O-O Bd6 12. Nc3 O-O 13. a3 Bd7 14. Be3 Kh8
15. h3 Be8 16. Qd2 Bh5 17. Ne5 Nxd4 18. Na4 Qc7 19. Bxd4 Bxe5 20. Rac1 Qb8 21.
Bxe5 Qxe5 22. Nc5 Rae8 23. Rce1 Qd6 24. Nxb7 Qb6 25. Na5 e5 26. b4 e4 27. Bb1
Bf7 28. Rc1 Re6 29. Nb3 Nd7 30. Qxd5 Re7 31. Qd1 e3 32. Qd3 Bg6 33. Qd4 e2 34.
Rfe1 Qa6 35. Bxg6 Qxg6 36. Qh4 Re5 37. Rc3 Rh5 38. Qe7 Rg5 39. g3 Qf5 40. Qxe2
Qxh3 41. Qe6 Qf5 42. Qxf5 Rgxf5 43. Re2 h5 44. Rc7 Nf6 45. Nd4 Rd5 46. Ne6 Re8
47. Rxa7 g5 48. Rf7 Ng4 49. Rf8+ Rxf8 50. Nxf8 Rd3 51. Ra2 Rd6 52. Re2 Rd3 53.
Ng6+ Kg7 54. Ne5 Rxa3 55. Nxg4 hxg4 56. Re4 Rb3 57. Rxg4 Kf6 58. f4 gxf4 59.
Rxf4+ Kg5 60. Kg2 Kh5 61. Kh3 Kg5 62. Rc4 Kf5 63. Rc5+ Ke4 64. Rb5 Kf3 65. Kh4
Rb1 66. g4 Kf4 67. Rf5+ Ke4 68. Kg5 Rd1 69. Kg6 Rd8 70. Kg7 Rb8 71. Ra5 Rb7+
72. Kh6 Rb6+ 73. Kh5 Rxb4 74. g5 Rb2 75. Kh6 Kf4 76. g6 Rg2 77. Rh5 Ra2 78. g7
Ra6+ 79. Kh7 Kg4 80. Rb5 Ra7 81. Kh8 1-0

[Event "GBR-ch87"]
[Site "Millfield"]
[Date "2000.08.05"]
[Round "6.1"]
[White "Hebden, Mark"]
[Black "Gormally, Daniel W"]
[Result "1/2-1/2"]
[WhiteElo "2505"]
[BlackElo "2499"]
[PlyCount "68"]
[EventDate "2000.07.31"]
[EventType "swiss"]
[EventRounds "11"]
[EventCountry "GBR"]
[SourceTitle "BritBase"]
[SourceDate "2008.07.14"]
[SourceVersion "1"]
[SourceVersionDate "2008.07.14"]
[SourceQuality "2"]

1. d4 Nf6 2. Nf3 g6 3. Nc3 d5 4. Bf4 Bg7 5. e3 O-O 6. Be2 c5 7. Ne5 Nc6 8. O-O
Bf5 9. Na4 cxd4 10. Nxc6 bxc6 11. exd4 Nd7 12. Re1 e5 13. dxe5 Nxe5 14. Qd2 Re8
15. Rad1 Qh4 16. b3 Qf6 17. h3 Nd7 18. Bg5 Qd6 19. Bf4 Ne5 20. c4 d4 21. Bd3
Bxd3 22. Qxd3 Qa3 23. Bxe5 Bxe5 24. Re2 Re7 25. Qf3 Rae8 26. g3 Qd6 27. Kg2 Bg7
28. c5 Qd7 29. Rxe7 Rxe7 30. Nb2 Re6 31. Nc4 Rf6 32. Qe4 Re6 33. Qf3 Rf6 34.
Qe4 Re6 1/2-1/2

[Event "GBR-ch87"]
[Site "Millfield"]
[Date "2000.08.05"]
[Round "6.2"]
[White "Ward, Chris"]
[Black "Hunt, Harriet"]
[Result "1-0"]
[WhiteElo "2508"]
[BlackElo "2454"]
[PlyCount "105"]
[EventDate "2000.07.31"]
[EventType "swiss"]
[EventRounds "11"]
[EventCountry "GBR"]
[SourceTitle "BritBase"]
[SourceDate "2008.07.14"]
[SourceVersion "1"]
[SourceVersionDate "2008.07.14"]
[SourceQuality "2"]

1. d4 Nf6 2. c4 e6 3. Nf3 b6 4. Nc3 Bb7 5. Bg5 d5 6. cxd5 exd5 7. Qa4+ Qd7 8.
Bxf6 Qxa4 9. Nxa4 gxf6 10. e3 Bd6 11. Rc1 a6 12. Nh4 Nd7 13. Bd3 b5 14. Nc5
Nxc5 15. dxc5 Be5 16. Rc2 c6 17. f4 Bc7 18. O-O O-O-O 19. Nf5 Rde8 20. Rf3 Kb8
21. Rg3 Bc8 22. Nd4 Kb7 23. Kf2 Reg8 24. Bf5 Rxg3 25. hxg3 b4 26. Bxc8+ Rxc8
27. Rc1 h5 28. Rh1 Rh8 29. Rh4 f5 30. Nxf5 Bd8 31. Rh3 Bf6 32. b3 Kc7 33. g4
hxg4 34. Rxh8 Bxh8 35. Kg3 Kd7 36. Kxg4 Bf6 37. Kf3 Ke6 38. Nd4+ Kd7 39. Nf5
Ke6 40. g4 a5 41. Ke2 Bd8 42. Kd3 Bc7 43. Nd4+ Kd7 44. Nf3 Ke6 45. Kd4 f6 46.
Kd3 Bd8 47. Nd4+ Kd7 48. Nf5 Bc7 49. g5 fxg5 50. fxg5 Be5 51. e4 dxe4+ 52. Kxe4
Ke6 53. Nd4+ 1-0

[Event "GBR-ch87"]
[Site "Millfield"]
[Date "2000.08.05"]
[Round "6.4"]
[White "Hodgson, Julian"]
[Black "Webster, Andrew"]
[Result "1/2-1/2"]
[WhiteElo "2640"]
[BlackElo "2417"]
[PlyCount "59"]
[EventDate "2000.07.31"]
[EventType "swiss"]
[EventRounds "11"]
[EventCountry "GBR"]
[SourceTitle "BritBase"]
[SourceDate "2008.07.14"]
[SourceVersion "1"]
[SourceVersionDate "2008.07.14"]
[SourceQuality "2"]

1. d4 g6 2. e4 Bg7 3. Nc3 c6 4. Be3 d6 5. Qd2 b5 6. Nf3 Nd7 7. Bd3 Qc7 8. O-O
Ngf6 9. Bh6 O-O 10. Ne2 c5 11. c3 a5 12. Ng3 b4 13. Bxg7 Kxg7 14. Qg5 bxc3 15.
bxc3 e6 16. e5 Ng8 17. exd6 Qxd6 18. Ne4 Qe7 19. Nxc5 Qxg5 20. Nxg5 Nxc5 21.
dxc5 Bd7 22. Rab1 Rfc8 23. Rb7 Nf6 24. Bb5 Bxb5 25. Rxb5 h6 26. Nf3 Ne4 27. Rc1
Rxc5 28. Rxc5 Nxc5 29. Rb1 Ne4 30. c4 {corrected score 07.08.00} 1/2-1/2

[Event "GBR-ch87"]
[Site "Millfield"]
[Date "2000.08.05"]
[Round "6.7"]
[White "Williams, Simon K"]
[Black "Emms, John"]
[Result "1/2-1/2"]
[WhiteElo "2353"]
[BlackElo "2527"]
[PlyCount "81"]
[EventDate "2000.07.31"]
[EventType "swiss"]
[EventRounds "11"]
[EventCountry "GBR"]
[SourceTitle "BritBase"]
[SourceDate "2008.07.14"]
[SourceVersion "1"]
[SourceVersionDate "2008.07.14"]
[SourceQuality "2"]

1. c4 c5 2. Nc3 g6 3. g3 Bg7 4. Bg2 Nc6 5. d3 Nf6 6. e4 O-O 7. Nge2 d6 8. O-O
a6 9. h3 Rb8 10. a4 Ne8 11. Be3 Bd7 12. d4 cxd4 13. Nxd4 Qc8 14. Nd5 Bxd4 15.
Bxd4 Bxh3 16. Bc3 f6 17. f4 Bxg2 18. Kxg2 e6 19. Ne3 Ne7 20. Qg4 Ng7 21. Rae1
Qc6 22. Kh2 e5 23. Qh4 Kh8 24. fxe5 dxe5 25. Bb4 g5 26. Qg4 Rf7 27. Rd1 Re8 28.
Rd6 Qxa4 29. Bc3 Ng8 30. Rfd1 Ref8 31. Qh3 b5 32. Rd7 b4 33. Rxf7 Rxf7 34. Qc8
bxc3 35. Rd8 Ne8 36. Rxe8 Rg7 37. Qe6 cxb2 38. Rxg8+ Rxg8 39. Qxf6+ Rg7 40.
Qf8+ Rg8 41. Qf6+ 1/2-1/2

[Event "GBR-ch87"]
[Site "Millfield"]
[Date "2000.08.05"]
[Round "6.8"]
[White "Chandler, Murray G"]
[Black "Pert, Nicholas"]
[Result "1-0"]
[WhiteElo "2526"]
[BlackElo "2455"]
[PlyCount "95"]
[EventDate "2000.07.31"]
[EventType "swiss"]
[EventRounds "11"]
[EventCountry "GBR"]
[SourceTitle "BritBase"]
[SourceDate "2008.07.14"]
[SourceVersion "1"]
[SourceVersionDate "2008.07.14"]
[SourceQuality "2"]

1. e4 e6 2. d4 d5 3. Nc3 Bb4 4. e5 c5 5. a3 Bxc3+ 6. bxc3 Qa5 7. Bd2 Qa4 8. Qg4
g6 9. Qd1 b6 10. h4 Ba6 11. Bxa6 Nxa6 12. Ne2 h6 13. h5 g5 14. f4 g4 15. f5
exf5 16. O-O Ne7 17. Be1 O-O-O 18. Bh4 Rd7 19. Bxe7 Rxe7 20. Ng3 Rc7 21. Nxf5
Kb8 22. Nd6 cxd4 23. cxd4 g3 24. c4 Qxd1 25. Raxd1 dxc4 26. Nxf7 Re8 27. Nd6
Rd8 28. Rf3 Rg7 29. Rc1 Nc7 30. Rxc4 Ne6 31. Rf6 b5 32. Nxb5 Rb7 33. Nd6 Rb1+
34. Rf1 Rxf1+ 35. Kxf1 Rf8+ 36. Ke2 Rf2+ 37. Ke3 Nc7 38. Rb4+ Ka8 39. Rb7 Nd5+
40. Ke4 Nc3+ 41. Kd3 Ne2 42. Rf7 Nc1+ 43. Ke3 Re2+ 44. Kf3 Rf2+ 45. Kxg3 Rxf7
46. Nxf7 Ne2+ 47. Kg4 Nxd4 48. Nxh6 1-0

[Event "GBR-ch87"]
[Site "Millfield"]
[Date "2000.08.05"]
[Round "6.9"]
[White "Kelly, Brian"]
[Black "Lalic, Bogdan"]
[Result "1/2-1/2"]
[WhiteElo "2426"]
[BlackElo "2520"]
[PlyCount "80"]
[EventDate "2000.07.31"]
[EventType "swiss"]
[EventRounds "11"]
[EventCountry "GBR"]
[SourceTitle "BritBase"]
[SourceDate "2008.07.14"]
[SourceVersion "1"]
[SourceVersionDate "2008.07.14"]
[SourceQuality "2"]

1. c4 e5 2. g3 Nf6 3. Bg2 Nc6 4. Nc3 Bc5 5. a3 a6 6. e3 O-O 7. Nge2 Ba7 8. O-O
d6 9. d3 Ne7 10. d4 c6 11. b3 h6 12. Bb2 exd4 13. Nxd4 Bg4 14. Qd2 Qd7 15. Rfe1
Rad8 16. Ne4 Nxe4 17. Bxe4 d5 18. cxd5 Nxd5 19. Bg2 Bh3 20. Qe2 Bxg2 21. Kxg2
f5 22. Rad1 f4 23. exf4 Rxf4 24. Rd2 Rf7 25. Qe6 Qxe6 26. Rxe6 Rfd7 27. Ree2
Nb4 28. Bc3 Bxd4 29. Bxb4 b6 30. Rc2 c5 31. Bc3 Kf7 32. h4 Bxc3 33. Rxc3 Rd3
34. Re3 Rxe3 35. Rxe3 a5 36. Kf3 Rd2 37. a4 Kf6 38. Re2 Rd1 39. Re3 Rd2 40. Re2
Rd3+ 1/2-1/2

[Event "GBR-ch87"]
[Site "Millfield"]
[Date "2000.08.05"]
[Round "6.10"]
[White "Crawley, Gavin"]
[Black "Arkell, Keith"]
[Result "1-0"]
[WhiteElo "2401"]
[BlackElo "2481"]
[PlyCount "115"]
[EventDate "2000.07.31"]
[EventType "swiss"]
[EventRounds "11"]
[EventCountry "GBR"]
[SourceTitle "BritBase"]
[SourceDate "2008.07.14"]
[SourceVersion "1"]
[SourceVersionDate "2008.07.14"]
[SourceQuality "2"]

1. d4 e6 2. e4 d5 3. Nc3 dxe4 4. Nxe4 Bd7 5. Bd3 Bc6 6. Nf3 Nd7 7. c4 Bxe4 8.
Bxe4 Bb4+ 9. Kf1 Rb8 10. Qa4 Ngf6 11. Bc2 Be7 12. Qxa7 O-O 13. Qa5 Ra8 14. Qc3
c5 15. dxc5 Bxc5 16. b4 Ba7 17. Bb2 e5 18. c5 Re8 19. Bb3 h6 20. Rd1 Qe7 21.
Nh4 Ne4 22. Qc4 Ndxc5 23. bxc5 Qxh4 24. Qxf7+ Kh8 25. Rd7 Qf6 26. Qxf6 gxf6 27.
Bc2 Nxc5 28. Rh7+ Kg8 29. Rxh6 Kf7 30. Ke2 Bb6 31. a3 Rh8 32. Rxh8 Rxh8 33. h4
Kg7 34. g3 Ne6 35. Be4 Bd4 36. Bxd4 Nxd4+ 37. Kd3 Ra8 38. Bxb7 Rxa3+ 39. Ke4
Rf3 40. Rf1 Kf7 41. Bc8 Rc3 42. Bh3 Nb3 43. Kd5 Ke7 44. Re1 Rd3+ 45. Ke4 Nc5+
46. Kf5 Rf3+ 47. Kg6 Rxf2 48. h5 Rf3 49. Rg1 Ne4 50. h6 Ng5 51. Bf5 Nf7 52. g4
Rh3 53. h7 Kf8 54. g5 Rh2 55. Kxf6 Nd6 56. Ra1 e4 57. Ra8+ Ne8+ 58. Kg6 1-0

[Event "GBR-ch87"]
[Site "Millfield"]
[Date "2000.08.05"]
[Round "6.12"]
[White "Wohl, Aleksandar"]
[Black "Rudd, Jack"]
[Result "1-0"]
[WhiteElo "2461"]
[BlackElo "2176"]
[PlyCount "137"]
[EventDate "2000.07.31"]
[EventType "swiss"]
[EventRounds "11"]
[EventCountry "GBR"]
[SourceTitle "BritBase"]
[SourceDate "2008.07.14"]
[SourceVersion "1"]
[SourceVersionDate "2008.07.14"]
[SourceQuality "2"]

1. Nf3 Nf6 2. c4 g6 3. Nc3 Bg7 4. g3 O-O 5. Bg2 d6 6. d3 e5 7. O-O Nc6 8. Bg5
h6 9. Bxf6 Bxf6 10. Rb1 a5 11. a3 Bg7 12. b4 axb4 13. axb4 f5 14. Nd2 Kh7 15.
Nd5 Nd4 16. e3 Ne6 17. b5 Bd7 18. Qc2 f4 19. Rfe1 fxe3 20. fxe3 Ng5 21. Ne4
Nf3+ 22. Bxf3 Rxf3 23. Qg2 Rf8 24. Rf1 Bf5 25. g4 Bxe4 26. Qxe4 Ra2 27. Rxf8
Qh4 28. Qf3 Bxf8 29. h3 Bg7 30. Nxc7 e4 31. dxe4 Qe7 32. Nd5 Qe5 33. Qf4 Qxf4
34. exf4 Re2 35. Rc1 Rxe4 36. Kf2 Bb2 37. Rc2 Bd4+ 38. Kf3 Re1 39. Re2 Rc1 40.
Re7+ Kg8 41. Rxb7 Rxc4 42. Ne7+ Kf7 43. f5 gxf5 44. Nxf5+ Kg6 45. h4 Be5 46.
Ne3 Rf4+ 47. Ke2 d5 48. Rb6+ Kf7 49. Rxh6 d4 50. Nc4 Bg7 51. Rc6 Rxg4 52. b6
d3+ 53. Kxd3 Rg3+ 54. Ne3 Be5 55. Ke4 Bb8 56. Rc8 Bd6 57. Nf5 Rg4+ 58. Kd5 Bf4
59. b7 Rg6 60. b8=Q Bxb8 61. Rxb8 Rg1 62. Ke5 Kg6 63. Rg8+ Kh5 64. Rh8+ Kg6 65.
Rh6+ Kf7 66. Rf6+ Kg8 67. h5 Kh7 68. Rh6+ Kg8 69. Rg6+ 1-0

[Event "GBR-ch87"]
[Site "Millfield"]
[Date "2000.08.05"]
[Round "6.14"]
[White "Simons, Martin"]
[Black "Simutowe, Amon"]
[Result "0-1"]
[WhiteElo "2226"]
[BlackElo "2322"]
[PlyCount "44"]
[EventDate "2000.07.31"]
[EventType "swiss"]
[EventRounds "11"]
[EventCountry "GBR"]
[SourceTitle "BritBase"]
[SourceDate "2008.07.14"]
[SourceVersion "1"]
[SourceVersionDate "2008.07.14"]
[SourceQuality "2"]

1. d4 d5 2. e4 dxe4 3. Nc3 Nf6 4. f3 exf3 5. Nxf3 Bg4 6. h3 Bh5 7. g4 Bg6 8.
Ne5 Nbd7 9. Qf3 c6 10. Nxg6 hxg6 11. g5 Nh7 12. Bc4 e6 13. Rf1 Nxg5 14. Bxg5
Qxg5 15. Qxf7+ Kd8 16. Bxe6 Be7 17. Qf4 Re8 18. Ne2 Qxf4 19. Nxf4 Bg5 20. Kd1
Rf8 21. Bf7 Bxf4 22. Rxf4 Ke7 0-1

[Event "GBR-ch87"]
[Site "Millfield"]
[Date "2000.08.05"]
[Round "6.15"]
[White "Koneru, Humpy"]
[Black "Jackson, Oliver"]
[Result "1/2-1/2"]
[WhiteElo "2286"]
[BlackElo "2209"]
[PlyCount "67"]
[EventDate "2000.07.31"]
[EventType "swiss"]
[EventRounds "11"]
[EventCountry "GBR"]
[SourceTitle "BritBase"]
[SourceDate "2008.07.14"]
[SourceVersion "1"]
[SourceVersionDate "2008.07.14"]
[SourceQuality "2"]

1. Nf3 d6 2. d4 Bg4 3. g3 Bxf3 4. exf3 g6 5. Bg2 Bg7 6. f4 c6 7. O-O e6 8. Qd3
Ne7 9. Nd2 O-O 10. Nc4 b5 11. Ne3 Nd7 12. Bd2 Qb6 13. c3 Rad8 14. Qe2 Rfe8 15.
Rfe1 Nf6 16. a4 a6 17. axb5 axb5 18. c4 Qxd4 19. cxb5 cxb5 20. Ba5 Rc8 21. Qxb5
Rb8 22. Bc3 Rxb5 23. Bxd4 d5 24. Rec1 Nh5 25. Bxg7 Nxg7 26. Ng4 Nh5 27. Ra2
Reb8 28. Rc2 Kg7 29. Ne5 Rc8 30. Rxc8 Nxc8 31. Nd3 Nd6 32. b4 Nf6 33. f3 d4 34.
Rc2 1/2-1/2

[Event "GBR-ch87"]
[Site "Millfield"]
[Date "2000.08.05"]
[Round "6.16"]
[White "D'Costa, Lorin"]
[Black "McFarland, Robert S"]
[Result "1/2-1/2"]
[WhiteElo "2157"]
[BlackElo "2267"]
[PlyCount "64"]
[EventDate "2000.07.31"]
[EventType "swiss"]
[EventRounds "11"]
[EventCountry "GBR"]
[SourceTitle "BritBase"]
[SourceDate "2008.07.14"]
[SourceVersion "1"]
[SourceVersionDate "2008.07.14"]
[SourceQuality "2"]

1. d4 g6 2. e4 Bg7 3. Nc3 c6 4. Bc4 d6 5. Qf3 e6 6. Nge2 b5 7. Bb3 a5 8. a3 Ba6
9. O-O Nd7 10. Bf4 Qe7 11. e5 d5 12. Qe3 h6 13. Bg3 Qd8 14. f4 Ne7 15. Bf2 Nf5
16. Qf3 h5 17. g3 Bf8 18. Nd1 b4 19. axb4 axb4 20. Ra2 Bb5 21. Re1 Rxa2 22.
Bxa2 Qa5 23. Nc1 b3 24. Bxb3 Nxd4 25. Qg2 Qd2 26. Ne3 Bc5 27. Rd1 Qa5 28. c3
Ne2+ 29. Nxe2 Bxe2 30. Re1 Qa6 31. Bc2 Bb5 32. Nd1 Bd3 1/2-1/2

[Event "GBR-ch87"]
[Site "Millfield"]
[Date "2000.08.05"]
[Round "6.17"]
[White "Douglas, Timothy"]
[Black "Vigus, James"]
[Result "1-0"]
[WhiteElo "2015"]
[BlackElo "2266"]
[PlyCount "43"]
[EventDate "2000.07.31"]
[EventType "swiss"]
[EventRounds "11"]
[EventCountry "GBR"]
[SourceTitle "BritBase"]
[SourceDate "2008.07.14"]
[SourceVersion "1"]
[SourceVersionDate "2008.07.14"]
[SourceQuality "2"]

1. e4 e5 2. Nf3 Nc6 3. Bc4 Nf6 4. d3 Be7 5. O-O O-O 6. Re1 d6 7. a4 h6 8. Nbd2
Nh7 9. c3 Bf6 10. Nf1 Ne7 11. Ng3 Ng6 12. h3 Bd7 13. b4 Qc8 14. Ra2 Nf4 15. d4
Ne6 16. Nh5 Bg5 17. dxe5 g6 18. Nf6+ Nxf6 19. Nxg5 hxg5 20. exf6 Kh7 21. h4
gxh4 22. Qd2 1-0

[Event "GBR-ch87"]
[Site "Millfield"]
[Date "2000.08.05"]
[Round "6.18"]
[White "McMichael, Richard"]
[Black "Tan, Desmond"]
[Result "1-0"]
[WhiteElo "2250"]
[BlackElo "2203"]
[PlyCount "67"]
[EventDate "2000.07.31"]
[EventType "swiss"]
[EventRounds "11"]
[EventCountry "GBR"]
[SourceTitle "BritBase"]
[SourceDate "2008.07.14"]
[SourceVersion "1"]
[SourceVersionDate "2008.07.14"]
[SourceQuality "2"]

1. e4 c5 2. Nc3 Nc6 3. f4 g6 4. Nf3 Bg7 5. Bb5 Nd4 6. Nxd4 cxd4 7. Ne2 Nf6 8.
Bd3 d6 9. O-O O-O 10. Ng3 Nd7 11. Bc4 Nc5 12. d3 e6 13. a3 d5 14. exd5 exd5 15.
Ba2 f5 16. Bd2 a5 17. Qf3 Be6 18. Rae1 Bf7 19. Re2 Bf6 20. Rfe1 Ra6 21. Nf1 Qd7
22. Bc1 Rd6 23. Nd2 Rc8 24. Qf1 Rdc6 25. Nf3 Qc7 26. Rf2 Nd7 27. Bb1 Kg7 28.
Rfe2 Nc5 29. Ne5 Bxe5 30. Rxe5 Nd7 31. Re7 Qd6 32. Qf2 Kf8 33. Qh4 Kg7 34. b3
1-0